Control systems engineering / (Record no. 5383)
[ view plain ]
| 000 -LEADER | |
|---|---|
| fixed length control field | 00705cam a22002534a 4500 |
| 001 - CONTROL NUMBER | |
| control field | 10917 |
| 003 - CONTROL NUMBER IDENTIFIER | |
| control field | BD-DhUAP |
| 005 - DATE AND TIME OF LATEST TRANSACTION | |
| control field | 20241215110814.0 |
| 008 - FIXED-LENGTH DATA ELEMENTS--GENERAL INFORMATION | |
| fixed length control field | 201209r20072004ii a b 001 0 eng |
| 020 ## - INTERNATIONAL STANDARD BOOK NUMBER | |
| International Standard Book Number | 8126510978 |
| 020 ## - INTERNATIONAL STANDARD BOOK NUMBER | |
| International Standard Book Number | 9788126510979 |
| 020 ## - INTERNATIONAL STANDARD BOOK NUMBER | |
| International Standard Book Number | 9812530606 |
| 040 ## - CATALOGING SOURCE | |
| Original cataloging agency | DNLM/DLC |
| Transcribing agency | DLC |
| Modifying agency | BD-DhUAP |
| Language of cataloging | Eng |
| 082 00 - DEWEY DECIMAL CLASSIFICATION NUMBER | |
| Edition number | 23 |
| Classification number | 629.8 NIS |
| 100 ## - MAIN ENTRY--PERSONAL NAME | |
| Personal name | Nise, Norman S. |
| 245 ## - TITLE STATEMENT | |
| Title | Control systems engineering / |
| Statement of responsibility, etc. | Norman S. Nise. |
| 250 ## - EDITION STATEMENT | |
| Edition statement | 4th ed. |
| 260 ## - PUBLICATION, DISTRIBUTION, ETC. | |
| Place of publication, distribution, etc. | New Delhi : |
| Name of publisher, distributor, etc. | John Wiley, |
| Date of publication, distribution, etc. | c2004 [Reprinted 2009]. |
| 300 ## - PHYSICAL DESCRIPTION | |
| Extent | xxii, 983 pages : |
| Other physical details | illustrations ; |
| Dimensions | 24 cm. |
| 500 ## - GENERAL NOTE | |
| General note | Includes index. |
| 650 ## - SUBJECT ADDED ENTRY--TOPICAL TERM | |
| Topical term or geographic name entry element | Systems engineering. |
| 650 ## - SUBJECT ADDED ENTRY--TOPICAL TERM | |
| Topical term or geographic name entry element | Automatic control. |
| 942 ## - ADDED ENTRY ELEMENTS (KOHA) | |
| Source of classification or shelving scheme | |
| Koha item type | Book |
| Withdrawn status | Lost status | Source of classification or shelving scheme | Damaged status | Not for loan | Permanent Location | Current Location | Shelving location | Date acquired | Total Checkouts | Total Renewals | Full call number | Barcode | Date last seen | Date last checked out | Copy number | Price effective from | Koha item type |
|---|---|---|---|---|---|---|---|---|---|---|---|---|---|---|---|---|---|
| UAP Central Library | UAP Central Library | General Stacks | 2020-12-09 | 2 | 1 | 629.8 NIS | 3010010917 | 2025-08-12 | 2025-07-22 | 1 | 2020-12-09 | Book | |||||
| UAP Central Library | UAP Central Library | General Stacks | 2020-12-15 | 629.8 NIS | 3010010919 | 2020-12-15 | 2 | 2020-12-15 | Book | ||||||||
| UAP Central Library | UAP Central Library | General Stacks | 2020-12-15 | 629.8 NIS | 3010012215 | 2020-12-15 | 3 | 2020-12-15 | Book | ||||||||
| UAP Central Library | UAP Central Library | General Stacks | 2020-12-15 | 629.8 NIS | 3010012219 | 2020-12-15 | 4 | 2020-12-15 | Book | ||||||||
| UAP Central Library | UAP Central Library | General Stacks | 2020-12-15 | 629.8 NIS | 3010013842 | 2020-12-15 | 5 | 2020-12-15 | Book | ||||||||
| UAP Central Library | UAP Central Library | General Stacks | 2020-12-15 | 629.8 NIS | 3010016720 | 2020-12-15 | 6 | 2020-12-15 | Book | ||||||||
| UAP Central Library | UAP Central Library | General Stacks | 2020-12-15 | 629.8 NIS | 3010012214 | 2020-12-15 | 7 | 2020-12-15 | Book | ||||||||
| UAP Central Library | UAP Central Library | General Stacks | 2020-12-15 | 629.8 NIS | 3010012220 | 2020-12-15 | 8 | 2020-12-15 | Book | ||||||||
| UAP Central Library | UAP Central Library | General Stacks | 2020-12-15 | 629.8 NIS | 3010013840 | 2020-12-15 | 9 | 2020-12-15 | Book | ||||||||
| UAP Central Library | UAP Central Library | General Stacks | 2020-12-15 | 629.8 NIS | 3010012213 | 2020-12-15 | 10 | 2020-12-15 | Book | ||||||||
| UAP Central Library | UAP Central Library | General Stacks | 2020-12-15 | 629.8 NIS | 3010013841 | 2020-12-15 | 11 | 2020-12-15 | Book | ||||||||
| UAP Central Library | UAP Central Library | General Stacks | 2020-12-15 | 629.8 NIS | 3010013844 | 2020-12-15 | 12 | 2020-12-15 | Book | ||||||||
| UAP Central Library | UAP Central Library | General Stacks | 2020-12-15 | 629.8 NIS | 3010009149 | 2020-12-15 | 13 | 2020-12-15 | Book | ||||||||
| UAP Central Library | UAP Central Library | General Stacks | 2020-12-15 | 629.8 NIS | 3010010918 | 2020-12-15 | 14 | 2020-12-15 | Book | ||||||||
| UAP Central Library | UAP Central Library | General Stacks | 2020-12-15 | 629.8 NIS | 3010009148 | 2020-12-15 | 15 | 2020-12-15 | Book | ||||||||
| UAP Central Library | UAP Central Library | General Stacks | 2020-12-15 | 1 | 2 | 629.8 NIS | 3010012217 | 2025-10-12 | 2025-08-24 | 16 | 2020-12-15 | Book | |||||
| UAP Central Library | UAP Central Library | General Stacks | 2020-12-15 | 629.8 NIS | 3010013843 | 2020-12-15 | 17 | 2020-12-15 | Book | ||||||||
| UAP Central Library | UAP Central Library | General Stacks | 2020-12-15 | 629.8 NIS | 3010012218 | 2020-12-15 | 18 | 2020-12-15 | Book |
Bengali Keyboard